All Glass Animals Songs - Statistics

General Stats
  • This quiz has been taken 227 times
    209 since last reset
  • The average score is 38 of 60
Answer Stats
Answer % Correct
Heat Waves
90%
Life Itself
89%
Pork Soda
88%
Dreamland
87%
Gooey
87%
The Other Side of Paradise
84%
Youth
83%
Agnes
82%
Creatures in Heaven
80%
A Tear in Space (Airlock)
79%
Take a Slice
79%
Tokyo Drifting
79%
Tangerine
78%
Black Mambo
77%
Black Mambo
77%
Mama's Gun
77%
Poplar St
76%
Waterfalls Coming Out Your Mouth
75%
Season 2 Episode 3
74%
Show Pony
74%
Cane Shuga
72%
Cocoa Hooves
72%
Cocoa Hooves
72%
Helium
72%
Hot Sugar
72%
Toes
72%
Space Ghost Coast To Coast
71%
whatthehellishappening?
71%
Wonderful Nothing
70%
Your Love (Déjà Vu)
68%
Pools
67%
[Premade Sandwiches]
63%
Hazey
61%
JDNT
61%
Lost in the Ocean
61%
Domestic Bliss
60%
White Roses
60%
On the Run
59%
Golden Antlers
58%
Wyrd
58%
How I Learned To Love the Bomb
57%
Walla Walla
57%
Flip
56%
It's All So Incredibly Loud
56%
Intruxx
53%
Melon and the Coconut
52%
I Can't Make You Fall in Love Again
51%
I Don't Wanna Talk(I Just Wanna Dance)
50%
Exxus
48%
Heart-Shaped Box
47%
Cocoa Hooves Part II
43%
Dust in Your Pocket
43%
Woozy
43%
Psylla
39%
Love Lockdown
36%
Young and Beautiful
34%
Solar Power
26%
Holiest
24%
Lose Control
22%
Gold Lime
19%
No matching quizzes found
Score Distribution
Percent of People with Each Score
Percentile by Number Answered
Your Score History
You have not taken this quiz since the last reset